Analysis of cable networks with optimal pretensioned forces /
Saved in:
| Main Author: | |
|---|---|
| Format: | Thesis Book |
| Language: | English |
| Published: |
1988
|
| Subjects: | |
| Tags: |
Add Tag
No Tags, Be the first to tag this record!
|
| LEADER | 00746cam a2200241 4500 | ||
|---|---|---|---|
| 001 | u85802 | ||
| 003 | SIRSI | ||
| 008 | 890821s1988 si v 0 eng | ||
| 015 | |a X890085414 | ||
| 035 | |a AAJ-3316 | ||
| 040 | |a UMM | ||
| 050 | 1 | |a TA660.C3 | |
| 090 | 0 | 0 | |a TA660 |b C3Lie |
| 100 | 1 | 0 | |a Liew, Kim Meow |
| 245 | 1 | 0 | |a Analysis of cable networks with optimal pretensioned forces / |c by Liew Kim Meow |
| 260 | |c 1988 | ||
| 300 | |a xiii, 90 leaves ; |c 29cm | ||
| 502 | |a Dissertation (M.Eng.) -- National University of Singapore, 1988 | ||
| 504 | 0 | 0 | |a Bibliography: leaves 86-90 |
| 650 | 0 | |a Cable structures | |
| 948 | |a 17/03/1991 |b 29/10/2002 | ||
| 596 | |a 1 | ||
| 999 | |a TA660 C3LIE |w LC |c 1 |i A010596082 |d 19/4/2000 |l STACKS |m P01UTAMA |n 2 |r Y |s Y |t TESIS |u 19/2/1992 | ||
